Cyclisme - Top 30 sprinteurs de la saison 2023 (PCS Ranking) - Statistiques

Statistiques générales
  • Ce quiz a été pris 116 fois
  • Le résultat moyen est 17 sur 30
Statistiques - réponses
Rang Nationalité Equipe Coureur % Correct
1 Belgique Alpecin Deceuninck Jasper Philipsen
97%
7 Danemark Lidl Trek Mads Pedersen
94%
5 Belgique Lotto Dstny Arnaud De Lie
86%
28 France Team Arkéa Samsic Arnaud Démare
86%
2 Pays Bas Jumbo Visma Olav Kooij
86%
26 Erythrée Intermarché Circus Wanty Biniam Girmay
85%
6 Belgique Soudal Quick Step Tim Merlier
85%
8 Pays Bas Soudal Quick Step Fabio Jakobsen
83%
3 Pays Bas Team Jayco AlUla Dylan Groenewegen
82%
13 Australie Lotto Dstny Caleb Ewan
75%
9 Australie Alpecin Deceunink Kaden Groves
74%
19 France Cofidis Bryan Coquard
70%
21 Italie Bahrain Victorious Jonathan Milan
68%
17 Irlande Bora Hansgrohe Sam Bennett
68%
24 Norvège Uno X Pro Cycling Team Alexander Kristoff
65%
11 Belgique Bora Hansgrohe Jordi Meeus
63%
15 Colombie UAE Team Emirates Juan Sebastian Molano
61%
20 Colombie Movistar Team Fernando Gaviria
60%
12 Allemagne Bahrain Victorious Phil Bauhaus
56%
23 Royaume Uni Soudal Quick Step Ethan Vernon
39%
22 France Groupama FDJ Paul Penhoet
39%
27 Pays Bas EF Education EasyPost Marijn Van Den Berg
38%
16 Australie Team dsm firmenich Sam Welsford
37%
18 Italie Q36.5 Pro Cycling Team Matteo Moschetti
29%
4 Pays Bas Tudor Pro Cycling Team Arvid De Klein
27%
29 Belgique Tarteletto Isorex Timothy Dupont
20%
30 Nouvelle Zélande Bolton Equities Black Spoke George Jackson
14%
10 Belgique Intermarché Circus Wanty GerbenThijssen
8%
25 Belgique Intermarché Circus Wanty Milan Menten
6%
14 Italie Green Project Badiani CSF Faizane Enrico Zanoncello
3%
Aucun quiz correspondant
Distribution des résultats
% des personnes avec chaque résultat
Percentile par nombre de réponses
Votre historique - résultats
Vous n’avez pas pris ce quiz